000 00817cam a2200289 a 4500
001 39210
005 20230410101711.0
008 880121s1986 sz a 000 0 fre
010 _a 88104640
035 _a(OCoLC)ocm18627472
040 _aDLC
_cDLC
020 _a2218075768
020 _a9782218075766
035 _a(OCoLC)18627472
050 1 4 _a110 ND 196
_bD787v 1986
082 0 0 _a759.06
100 1 _aDrot, Jean-Marie.
245 1 0 _aVoyage au pays des naifs /
_cJean-Marie Drot ; vignettes d'Aleco Fassianos.
260 _aFribourg :
_bHatier,
_cc1986.
300 _a212 p. :
_bill. (some col.) ;
_c30 cm.
650 0 _aPrimitivism in art.
650 0 _aPainting, Modern
_y20th century.
650 4 _aCEH
650 4 _aColección Estudios Haitianos
942 _2lcc
_cbk
994 _aC0
_bDRFGD
999 _c12338
_d12338